000
00219 a2200097 4500
001
51394
100
_a
Davis R E
245
_a
Thinking About [TLC] Logo
260
_a
New York
_b
Holt Saunders
_c
090
_c
32584
_d
32584
942
_a
NUST-CAE
_c
M
_c
25096
999
_c
286467
_d
286467